Then again, maybe I won't : a novel /

Unable to accept or explain his family's newly acquired wealth, his growing interest in sex, and a friend's shoplifting habit, a thirteen-year- old finds the pains in his stomach getting worse and worse.

Bibliographic Details
Main Author: Blume, Judy
Format: Book
Language:English
Published: New York : Dell Publishing Co., [1971]
Series:A Yearling book

MARC

Tag First Indicator Second Indicator Subfields
LEADER 00000cam a2200000 a 4500
001 in00000340899
005 20151011053027.0
008 781025s1971 nyu 00011 eng d
035 |a (OCoLC)04319167 
035 |9 ABL5836AM 
040 |a KSU  |c KSU  |d m.c.  |d TXA  |d UtOrBLW 
049 |a [Curr Col] TXAM  |c 1 [1808156], 2 [1808157] 
090 |a PZ7 B6265  |b  Th 1981 
100 1 |a Blume, Judy. 
245 1 0 |a Then again, maybe I won't :  |b a novel /  |c by Judy Blume. 
264 1 |a New York :  |b Dell Publishing Co.,  |c [1971] 
264 3 |c 1981 printing 
264 4 |c ©1971 
300 |a 164 pages ;  |c 20 cm. 
336 |a text  |b txt  |2 rdacontent 
337 |a unmediated  |b n  |2 rdamedia 
338 |a volume  |b nc  |2 rdacarrier 
490 0 |a A Yearling book 
520 |a Unable to accept or explain his family's newly acquired wealth, his growing interest in sex, and a friend's shoplifting habit, a thirteen-year- old finds the pains in his stomach getting worse and worse. 
999 |a MARS 
999 f f |s 260ef72c-b7e0-39c0-b7ee-7a4aa9ead139  |i f933141b-bce0-3c9d-8857-e27ea6d17035  |t 0 
952 f f |p ric  |a Texas A&M University  |b Rellis Campus  |c Joint Library Facility  |d Remote Storage  |t 0  |e PZ7 B6265 Th 1981  |h Library of Congress classification  |i unmediated -- volume  |m A14807241816 
998 f f |a PZ7 B6265 Th 1981  |t 0  |l Remote Storage